00299nam a2200121Ia 45000030006000000080041000060400015000471000017000622450035000792600034001145460012001480050017001600STCL150530s9999 xx 000 0 und d aSTCLcSTCL aTilden, J.E. aAlgae and their life relations bOxford University pressc1935 aEnglish20220125170354.0